00522 2200193 4500001002100000005001500021035002000036245007200056100001700128250000600145300003100151700001000182260003100192082001200223084001800235020002200253650003600275990001700311INLIS00000000000132920190910045751 a0010-09190000331 aUwais Sangat Terkenal di Langit /cFadila Hanum ; Ilustrator, Yul C0 aFadila Hanum a- a36 hlm. :bIlus. ;c20 cm.0 aYul C aSolo :bTiga Ananda,c2018 a297.648 a297.648 FAD u a978-602-366-427-6 aKisah Sahabat Nabi Muhammad SAW a04669/H/2018